000 00603nam a2200133Ia 4500
008 170419s9999 xx 000 0 und d
100 _aVan Cleave, Janet H.
245 _aHartford Gerontological Nursing Leaders: from funding initiative to national organization
245 _cJanet H. Van Cleave, Sarah L. Szanton, Casey Shillam, Karen Rose, Aditi D. Rao, Adriana Perez, Melissa O'Connor, Rachel Walker, Bill Buron, Marie Boltz, Jennifer Bellot, Melissa Batchelor-Murphy.
260 _bElsevier
260 _c2016
300 _aJanuary/February 2016
440 _aJournal of Profesional Nursing
_v32:1
999 _c329500
_d329500